| 000 | 01030cam a22002054a 4500 | ||
|---|---|---|---|
| 005 | 20250605164142.0 | ||
| 008 | 250528s ||||||||||||||||||||||||d | ||
| 035 | _a18999 | ||
| 020 | _a43381324 | ||
| 040 |
_aGR-AtMCL _bgre _dGR-AtMCL _eAACR2 |
||
| 245 | 1 | _aInternational Capitalism and Industrial Restructuring / A Critical Analysis | |
| 250 | _a1st | ||
| 260 |
_bAllen & Unwin, _c1987 |
||
| 300 | _a318 | ||
| 520 | _aThe key contribution of this critical book is to counter the idea that industrial restructuring is a relatively problem-free stage in the evolution to a post-industrial society. Preface, Acknowledgements, Introduction, Industrial Change and Economic Crisis, Problems of Decline in Advanced Capitalist Countries, Contradictions of Growth in Advanced Capitalist Countries, Dis Organic Development in Peripheral Countries, Industrial Policy Reexamined, Conclusion: the Transformation of International Capitalism, Index. | ||
| 700 | 1 |
_aPeet Richard _95279 |
|
| 942 | _cBK | ||
| 999 |
_c4290 _d4290 |
||